Οικοτοξικολογία και περιβαλλοντική τοξικολογία : ερευνητική μεθοδολογία για την εκτίμηση οικολογικού κινδύνου από επικίνδυνες χημικές ουσίες

Αποθηκεύτηκε σε:
Λεπτομέρειες βιβλιογραφικής εγγραφής
Κύριος συγγραφέας: Βαλαβανίδης, Αθανάσιος Π., 1945-
Μορφή: Βιβλίο
Γλώσσα:Greek
Δημοσίευση: Αθήνα : Σύγχρονα Θέματα, Μη κερδοσκοπική εκδοτική εταιρεία, 2008
Θέματα:
Ετικέτες: Προσθήκη ετικέτας
Δεν υπάρχουν, Καταχωρήστε ετικέτα πρώτοι!

MARC

LEADER 00000cam a2200000 i 4500
001 1/8759
008 100628s2008 gre d
020 |a 978-960-88130-6-9 
035 |l 10108380 
040 |a GR-MY-UA  |b gre  |e aacr 
041 0 |a gre 
082 0 |a 577.27  |2 (20) 
100 1 |a Βαλαβανίδης, Αθανάσιος Π.,   |d 1945- 
245 1 0 |a Οικοτοξικολογία και περιβαλλοντική τοξικολογία :  |b ερευνητική μεθοδολογία για την εκτίμηση οικολογικού κινδύνου από επικίνδυνες χημικές ουσίες /  |c Αθ. Βαλαβανίδης 
260 |a Αθήνα :   |b Σύγχρονα Θέματα, Μη κερδοσκοπική εκδοτική εταιρεία,   |c 2008 
300 |a 463 σ.;  |b εικ., πίν., σχέδια;  |c 25 εκ. 
504 |a Περιέχει βιβλιογραφικές παραπομπές 
650 0 0 |a Environmental toxicology. 
650 0 0 |a Ecological risk assessment. 
852 |a INST  |b LESVOS  |e 20100628  |h 577.27 ΒΑΛ  |p 005100047901  |q 005100047901  |t BK  |y 0 
852 |a INST  |b LESVOS  |e 20100628  |h 577.27 ΒΑΛ  |p 005100047902  |q 005100047902  |t BK  |y 0 
852 |a INST  |b LESVOS  |c EUDOXUS  |e 20120504  |h 577.27 ΒΑΛ  |p 005100050410  |q 005100050410  |t EDX  |y 0 
901 |a BIBL1-2010-2 
901 |a BIBL1-2012-2 
909 |a Λ  |b 165698 
909 |a Λ  |b 165699 
909 |a Λ  |b 174891 
920 |a ΕΥΔΟΞΟΣ  |b ΕΠΙΣΤΡΟΦΗ  |y ΛΕΣΒΟΣ  |z 2012-01 
970 |a ΓΙΑΛΑΜΑ  |b ΜΑΡΙΑ  |z 2010/06/28